书目信息 |
| 题名: |
滑动摩擦副温度场模型研究及应用
|
|
| 作者: | 魏巍 著 | |
| 分册: | ||
| 出版信息: | 北京 中国水利水电出版社 2019 |
|
| 页数: | 162页 | |
| 开本: | 24cm | |
| 丛书名: | ||
| 单 册: | ||
| 中图分类: | O313.5 , O313.5 | |
| 科图分类: | ||
| 主题词: | 滑动摩擦--hua dong mo ca--温度场--模型 | |
| 电子资源: | ||
| ISBN: | 978-7-5170-6745-0 | |
| 000 | 01207nam0 2200265 450 | |
| 001 | 012001001394 | |
| 005 | 20131108090215.0 | |
| 010 | @a978-7-5170-6745-0@dCNY50.00 | |
| 099 | @aCAL 012019043558 | |
| 100 | @a20190107d2019 em y0chiy50 ea | |
| 101 | 0 | @achi |
| 102 | @aCN@b110000 | |
| 105 | @aak a 000yy | |
| 106 | @ar | |
| 200 | 1 | @a滑动摩擦副温度场模型研究及应用@Ahua dong mo ca fu wen du chang mo xing yan jiu ji ying yong@f魏巍著 |
| 210 | @a北京@c中国水利水电出版社@d2019 | |
| 215 | @a162页@c图@d24cm | |
| 320 | @a有书目 (第153-162页) | |
| 330 | @a本书以专门研究材料摩擦学特性的摩擦磨损试验机上接触界面温度信息获取方法为研究对象,结合试验和数值计算,重点对脂润滑的端面滑动摩擦副接触界面瞬态温度的获取方法进行了深入研究,主要内容包括:端面滑动摩擦温度场构建方案设计、端面滑动摩擦温度场测量系统结构设计、减小摩擦界面发射率对红外探头测温的影响、端面滑动摩擦温度场修正方法研究及模型建立、滑动摩擦温度场重建及应用等。本书结构合理,条理清晰,内容丰富新颖,可供相关工程技术人员参考使用。 | |
| 606 | 0 | @a滑动摩擦@Ahua dong mo ca@x温度场@x模型 |
| 690 | @aO313.5@v4 | |
| 690 | @aO313.5@v5 | |
| 701 | 0 | @a魏巍@Awei wei@4著 |
| 801 | 0 | @aCN@b北京卓展@c20191020 |
| 905 | @b1198227-31@dO313.5@e9@f5 | |
| 滑动摩擦副温度场模型研究及应用/魏巍著.-北京:中国水利水电出版社,2019 |
| 162页:图;24cm |
| ISBN 978-7-5170-6745-0:CNY50.00 |
| 本书以专门研究材料摩擦学特性的摩擦磨损试验机上接触界面温度信息获取方法为研究对象,结合试验和数值计算,重点对脂润滑的端面滑动摩擦副接触界面瞬态温度的获取方法进行了深入研究,主要内容包括:端面滑动摩擦温度场构建方案设计、端面滑动摩擦温度场测量系统结构设计、减小摩擦界面发射率对红外探头测温的影响、端面滑动摩擦温度场修正方法研究及模型建立、滑动摩擦温度场重建及应用等。本书结构合理,条理清晰,内容丰富新颖,可供相关工程技术人员参考使用。 |
| ● |
| 相关链接 |
|
|
|
|
正题名:滑动摩擦副温度场模型研究及应用
索取号:O313.5/9
 
预约/预借
| 序号 | 登录号 | 条形码 | 馆藏地/架位号 | 状态 | 备注 |
| 1 | 1198227 | 211982274 | 第二样本阅览室/ [索取号:O313.5/9] | 在馆 | |
| 2 | 1198228 | 211982283 | 第三借阅区/ [索取号:O313.5/9] | 在馆 | |
| 3 | 1198229 | 211982292 | 第三借阅区/ [索取号:O313.5/9] | 在馆 | |
| 4 | 1198230 | 211982309 | 第三借阅区/ [索取号:O313.5/9] | 在馆 | |
| 5 | 1198231 | 211982318 | 第三借阅区/ [索取号:O313.5/9] | 在馆 |